<Das> Beratungs- und Verkaufsgespräch in Banken Bankleistungen erfolgreich verkaufen
Saved in:
| Main Author: | |
|---|---|
| Format: | Book |
| Language: | German |
| Published: |
Wiesbaden
Gabler
1989
|
| Edition: | 4. überarb. Aufl. |
| Subjects: | |
| Tags: |
No Tags, Be the first to tag this record!
|
MARC
| LEADER | 00000nam a2200000 4500 | ||
|---|---|---|---|
| 001 | c006215 | ||
| 005 | 20221215125233.4 | ||
| 020 | |a 3-409-49638-6 | ||
| 041 | 0 | |a ger | |
| 044 | |a DE | ||
| 245 | 1 | 0 | |a <Das> Beratungs- und Verkaufsgespräch in Banken |b Bankleistungen erfolgreich verkaufen |c Günther Geyer |
| 250 | |a 4. überarb. Aufl. | ||
| 264 | 1 | |a Wiesbaden |b Gabler |c 1989 | |
| 300 | |a 256 s. | ||
| 610 | 2 | 0 | |a banky |
| 610 | 2 | 0 | |a zákazníci |
| 610 | 2 | 0 | |a predaj |
| 610 | 2 | 0 | |a služby |
| 610 | 2 | 0 | |a komunikácia |
| 610 | 2 | 0 | |a výkony podnikové |
| 100 | 1 | |a Geyer, Günther | |